LIBRARY & INFORMATION CENTRE, KCAET, TAVANUR

ONLINE PUBLIC ACCESS CATALOGUE (OPAC)

Yakshi parampu, Part-l / (Record no. 3894)

MARC details
000 -LEADER
fixed length control field 00438cam a2200181ua 4500
041 ## - LANGUAGE CODE
Language code of text/sound track or separate title mal
082 ## - DEWEY DECIMAL CLASSIFICATION NUMBER
Classification number 894.8121
Item number VIV/YA
100 ## - MAIN ENTRY--AUTHOR NAME
Personal name Vivekanandan, G .
245 ## - TITLE STATEMENT
Title Yakshi parampu, Part-l /
250 ## - EDITION STATEMENT
Edition statement 1 /
260 ## - PUBLICATION, DISTRIBUTION, ETC. (IMPRINT)
Place of publication Kottayam :
Name of publisher National Book Stall ,
Year of publication 1957.
300 ## - PHYSICAL DESCRIPTION
Number of Pages 239 ; .
942 ## - ADDED ENTRY ELEMENTS (KOHA)
Koha item type Books
Holdings
Withdrawn status Lost status Damaged status Home library Current library Date acquired Full call number Accession Number Koha item type Public note
Withdrawn     KAUAET KAUAET 05/02/2021 894.8121 VIV/YA 8342 Books  
Withdrawn     KAUAET Malayalam University 07/04/2012 894.8121 8343 Books Transferred to Malayalam University
free website counter